Pays par faces de pièces de 2 euros - Statistiques

Statistiques générales
  • Ce quiz a été pris 77 fois
    62 depuis la dernière actualisation
  • Le résultat moyen est 18 sur 24
Statistiques - réponses
Par images Réponse % Correct
Vatican
95%
Monaco
93%
Croatie
89%
Espagne
89%
Saint-Marin
89%
Grèce
86%
France
84%
Lituanie
84%
Malte
84%
Slovaquie
84%
Allemagne
82%
Andorre
82%
Irlande
77%
Pays-Bas
77%
Estonie
74%
Italie
72%
Belgique
70%
Portugal
70%
Luxembourg
68%
Lettonie
63%
Autriche
60%
Slovénie
60%
Chypre
51%
Finlande
42%
Aucun quiz correspondant
Distribution des résultats
% des personnes avec chaque résultat
Percentile par nombre de réponses
Votre historique - résultats
Vous n’avez pas pris ce quiz depuis la dernière actualisation